00578nam a2200181Ia 4500008004000000020001800040082001300058100001800071245003900089250000500128260003900133300001300172650001300185690001200198906001100210999001900221952015600240210210b2003 xxu||||| |||| 00| 0 eng d a81 7133 629 9 a591 KOTZ aKOTPAL (R L). aZoology phylum-5: annelida. Ed.11. a aMeerutbRastogi Publicationsc2003 aviii,263 aAnnelida aZoology a061151 c107824d107824 001040708ZoologyaALbALcZoologyd2021-02-17eHigginbothams Pvt. Ltd. Mangalore 01g57.50l0o591 KOTZp061151r2021-02-17 00:00:00w2021-02-17yBK